Eastern Utah Libraries Catalog: Duchesne, Heber, Roosevelt, & Vernal

Newsies (Record no. 90607)

MARC details
000 -LEADER
fixed length control field 03946cgm a2200781Ia 4500
001 - CONTROL NUMBER
control field ocm48614128
003 - CONTROL NUMBER IDENTIFIER
control field OCoLC
005 - DATE AND TIME OF LATEST TRANSACTION
control field 20241220134057.0
008 - FIXED-LENGTH DATA ELEMENTS--GENERAL INFORMATION
fixed length control field 011214p20021992xxu121 vleng d
007 - PHYSICAL DESCRIPTION FIXED FIELD--GENERAL INFORMATION
fixed length control field vd cvaizk
040 ## - CATALOGING SOURCE
Original cataloging agency TEF
Transcribing agency TEF
Modifying agency UV$
-- RCS
-- JFL
-- OCLCQ
-- VP@
-- BTCTA
-- OCLCQ
-- OCLCA
-- OCLCG
-- OCLCQ
-- CCO
-- OCLCA
-- RS$
-- UNL
-- OCLCA
-- ORX
-- UINTA
020 ## - INTERNATIONAL STANDARD BOOK NUMBER
International Standard Book Number 0788831003
020 ## - INTERNATIONAL STANDARD BOOK NUMBER
International Standard Book Number 9780788831003
024 1# - OTHER STANDARD IDENTIFIER
Standard number or code 786936162783
028 41 - PUBLISHER NUMBER
Publisher number 023688
Source Buena Vista Home Entertainment
035 ## - SYSTEM CONTROL NUMBER
System control number (OCoLC)48614128
037 ## - SOURCE OF ACQUISITION
Source of stock number/acquisition Midwest Tapes
Note http://www.midwesttapes.com
041 1# - LANGUAGE CODE
Language code of text/sound track or separate title eng
-- spa
-- eng
-- fre
-- spa
Language code of original and/or intermediate translations of text eng
043 ## - GEOGRAPHIC AREA CODE
Geographic area code n-us-ny
050 14 - LIBRARY OF CONGRESS CALL NUMBER
Classification number PN1995.9.M86
Item number N497 2002
082 04 - DEWEY DECIMAL CLASSIFICATION NUMBER
Classification number 791.43/72
Edition number 22
049 ## - LOCAL HOLDINGS (OCLC)
Holding library UCLB
092 ## - LOCALLY ASSIGNED DEWEY CALL NUMBER (OCLC)
Classification number 791.437
245 00 - TITLE STATEMENT
Title Newsies
Medium [videorecording] /
Statement of responsibility, etc Touchwood Pacific Partners I ; presented by Walt Disney Pictures ; producer, Michael Finnell ; writers, Bob Tzudiker, Noni White ; director, Kenny Ortega.
250 ## - EDITION STATEMENT
Edition statement Collector's ed.
260 ## - PUBLICATION, DISTRIBUTION, ETC. (IMPRINT)
Place of publication, distribution, etc [United States] :
Name of publisher, distributor, etc Walt Disney Home Video ;
Place of publication, distribution, etc Burbank, Calif. :
Name of publisher, distributor, etc Distributed by Buena Vista Home Entertainment,
Date of publication, distribution, etc [2002]
300 ## - PHYSICAL DESCRIPTION
Extent 1 videodisc (ca. 121 min.) :
Other physical details sd., col. ;
Dimensions 4 3/4 in.
538 ## - SYSTEM DETAILS NOTE
System details note DVD; Dolby digital, Dolby digital 5.1 surround; region 1; NTSC.
546 ## - LANGUAGE NOTE
Language note Closed captioned.
546 ## - LANGUAGE NOTE
Language note Soundtrack in English, with optional Spanish dialogue and optional French or Spanish subtitles.
500 ## - GENERAL NOTE
General note Title from container.
511 1# - PARTICIPANT OR PERFORMER NOTE
Participant or performer note Christian Bale, David Moscow, Luke Edwards, Max Casella, Robert Duvall, Ann-Margret.
508 ## - CREATION/PRODUCTION CREDITS NOTE
Creation/production credits note Cinematography, Andrew Laszlo ; editor, William Reynolds ; music, Alan Menken, J.A.C. Redford.
500 ## - GENERAL NOTE
General note Originally released as a motion picture in 1992.
521 8# - TARGET AUDIENCE NOTE
Target audience note MPAA rating: PG; some material may not be suitable for children.
520 ## - SUMMARY, ETC.
Summary, etc July, 1899: When Joseph Pulitzer and William Randolph Hearst raise the distribution price one-tenth of a cent per paper, ten cents per hundred, the newsboys, poor enough already, are outraged. Inspired by the strike put on by the trolley workers, Jack "Cowboy" Kelly organizes a newsboys' strike. With David Jacobs as the brains of the new union, and Jack as the voice, the weak and oppressed found the strength to band together and challenge the powerful.
500 ## - GENERAL NOTE
General note Special features include: audio commentary by director Kenny Ortega; sing-along feature (lyrics at the bottom of the screen); historical featurette about the real newspaper boy strike.
650 #0 - SUBJECT ADDED ENTRY--TOPICAL TERM
Topical term or geographic name as entry element Paperboys
Form subdivision Drama.
9 (RLIN) 6515440
650 #0 - SUBJECT ADDED ENTRY--TOPICAL TERM
Topical term or geographic name as entry element Strikes and lockouts
General subdivision Newspapers
Geographic subdivision New York (State)
-- New York
Form subdivision Drama.
9 (RLIN) 6516345
650 #7 - SUBJECT ADDED ENTRY--TOPICAL TERM
Topical term or geographic name as entry element Diarios estadounidenses
Form subdivision Teatro.
Source of heading or term bidex
9 (RLIN) 6516346
650 #7 - SUBJECT ADDED ENTRY--TOPICAL TERM
Topical term or geographic name as entry element Huelgas y paros patronales
General subdivision Diarios
Geographic subdivision Nueva York (Estado)
-- Nueva York
Form subdivision Teatro.
Source of heading or term bidex
9 (RLIN) 6516347
655 #7 - INDEX TERM--GENRE/FORM
Genre/form data or focus term Feature films.
Source of term lcgft
9 (RLIN) 6249382
655 #7 - INDEX TERM--GENRE/FORM
Genre/form data or focus term Musical films.
Source of term lcgft
9 (RLIN) 6249383
655 #7 - INDEX TERM--GENRE/FORM
Genre/form data or focus term Historical films.
Source of term lcgft
9 (RLIN) 6249384
655 #7 - INDEX TERM--GENRE/FORM
Genre/form data or focus term Video recordings for the hearing impaired.
Source of term lcgft
9 (RLIN) 6249385
700 1# - ADDED ENTRY--PERSONAL NAME
Personal name Finnell, Michael.
9 (RLIN) 5857989
700 1# - ADDED ENTRY--PERSONAL NAME
Personal name Tzudiker, Bob.
9 (RLIN) 72766
700 1# - ADDED ENTRY--PERSONAL NAME
Personal name White, Noni.
9 (RLIN) 72576
700 1# - ADDED ENTRY--PERSONAL NAME
Personal name Ortega, Kenny.
9 (RLIN) 63775
700 1# - ADDED ENTRY--PERSONAL NAME
Personal name Bale, Christian,
Dates associated with a name 1974-
9 (RLIN) 66309
700 1# - ADDED ENTRY--PERSONAL NAME
Personal name Moscow, David,
Dates associated with a name 1974-
9 (RLIN) 74643
700 1# - ADDED ENTRY--PERSONAL NAME
Personal name Edwards, Luke,
Dates associated with a name 1980-
9 (RLIN) 6249386
700 1# - ADDED ENTRY--PERSONAL NAME
Personal name Casella, Max.
9 (RLIN) 63144
700 1# - ADDED ENTRY--PERSONAL NAME
Personal name Duvall, Robert.
9 (RLIN) 23446
700 0# - ADDED ENTRY--PERSONAL NAME
Personal name Ann-Margret,
Dates associated with a name 1941-
9 (RLIN) 17074
700 1# - ADDED ENTRY--PERSONAL NAME
Personal name Laszlo, Andrew,
Dates associated with a name 1926-2011.
9 (RLIN) 6249387
700 1# - ADDED ENTRY--PERSONAL NAME
Personal name Reynolds, William,
Dates associated with a name 1910-1997.
9 (RLIN) 24444
700 1# - ADDED ENTRY--PERSONAL NAME
Personal name Menken, Alan.
9 (RLIN) 15460
700 1# - ADDED ENTRY--PERSONAL NAME
Personal name Redford, J. A. C.
9 (RLIN) 15750
710 2# - ADDED ENTRY--CORPORATE NAME
Corporate name or jurisdiction name as entry element Touchwood Pacific Partners I.
9 (RLIN) 58204
710 2# - ADDED ENTRY--CORPORATE NAME
Corporate name or jurisdiction name as entry element Walt Disney Pictures.
9 (RLIN) 22141
710 2# - ADDED ENTRY--CORPORATE NAME
Corporate name or jurisdiction name as entry element Walt Disney Home Video (Firm)
9 (RLIN) 61249
710 2# - ADDED ENTRY--CORPORATE NAME
Corporate name or jurisdiction name as entry element Buena Vista Home Entertainment (Firm)
9 (RLIN) 64615
938 ## -
-- Baker and Taylor
-- BTCP
-- be2003005983
942 ## - ADDED ENTRY ELEMENTS (KOHA)
Koha item type DVD
994 ## -
-- C0
-- UINTA
998 ## - LOCAL CONTROL INFORMATION (RLIN)
-- a158918
Holdings
Withdrawn status Lost status Source of classification or shelving scheme Damaged status Not for loan Collection code Home library Current library Shelving location Date acquired Source of acquisition Cost, normal purchase price Total Checkouts Total Renewals Full call number Barcode Checked out Date last seen Date checked out Cost, replacement price Price effective from Koha item type
    Dewey Decimal Classification     Movies Wasatch County Library Wasatch County Library Audio Visual Area 04/17/2006   19.98 284 32 DVD News 34301000537268 03/23/2026 03/02/2026 03/02/2026 19.98 03/20/2020 DVD
This project was made possible through a grant from the Institute of Museum and Library Service administered by the Utah State Library Division.

Wasatch County Library

  • 465 East 1200 South, Heber City, Utah 84032
  • Phone 435-654-1511 | Fax 435-654-6456

Hours

  • Monday - Friday 9:30 AM - 8:00 PM
  • Saturday 9:30 AM - 1:30 PM
  • Closed Sundays and Holidays